[Event "Canadian op 51st"]
[Site "Montreal"]
[Date "2014.07.21"]
[Round "4"]
[White "Fedorowicz, John P"]
[Black "Wang, Richard"]
[Result "1-0"]
[WhiteElo "2422"]
[BlackElo "2365"]
[PlyCount "83"]
[EventDate "2014.07.19"]
[EventType "swiss"]
[EventRounds "9"]
[EventCountry "CAN"]
[SourceTitle "CBM 161 Extra"]
[Source "ChessBase"]
[SourceDate "2014.08.29"]
[SourceVersion "1"]
[SourceVersionDate "2014.08.29"]
[SourceQuality "1"]

1. e4 e6 2. d4 d5 3. Nd2 Nf6 4. e5 Nfd7 5. c3 c5 6. Bd3 Nc6 7. Ne2 cxd4 8. cxd4 f6 9. exf6 Nxf6 10. 0-0 Bd6 11. Nf3 0-0 12. Bf4 Bxf4 13. Nxf4 Ne4 14. g3 Qf6 15. h4 Qh6 16. Bxe4 dxe4 17. Ne5 Rxf4 18. gxf4 Qxf4 19. Qh5 Bd7 20. Nxd7 Nxd4 21. Ne5 Rf8 22. Qg5 Qxe5 23. Qxe5 Nf3+ 24. Kg2 Nxe5 25. Rac1 Rf4 26. Rc8+ Kf7 27. Rfc1 Nd3 28. R1c7+ Kg6 29. Rg8 Rxf2+ 30. Kg1 e3 31. Rgxg7+ Kf5 32. Rcf7+ Ke4 33. Rxf2 exf2+ 34. Kf1 Ke3 35. Rxh7 e5 36. h5 e4 37. h6 Ne5 38. Rg7 Nf3 39. Rf7 Nh2+ 40. Kg2 f1Q+ 41. Rxf1 Nxf1 42. h7 1-0

[Event "Canadian op 51st"]
[Site "Montreal"]
[Date "2014.07.20"]
[Round "3"]
[White "Hansen, Eric"]
[Black "Fedorowicz, John P"]
[Result "1/2-1/2"]
[WhiteElo "2596"]
[BlackElo "2422"]
[PlyCount "58"]
[EventDate "2014.07.19"]
[EventType "swiss"]
[EventRounds "9"]
[EventCountry "CAN"]
[SourceTitle "CBM 161 Extra"]
[Source "ChessBase"]
[SourceDate "2014.08.29"]
[SourceVersion "1"]
[SourceVersionDate "2014.08.29"]
[SourceQuality "1"]

1. e4 c5 2. Nf3 d6 3. Bb5+ Bd7 4. Bxd7+ Nxd7 5. c4 Ngf6 6. Nc3 e6 7. 0-0 Ne5 8. Nxe5 dxe5 9. d3 Be7 10. f4 0-0 11. fxe5 Nd7 12. Bf4 Bg5 13. g3 Be7 14. h4 Qb8 15. Kg2 Nxe5 16. Qh5 Bf6 17. Rad1 g6 18. Qe2 h5 19. g4 hxg4 20. h5 g5 21. Bg3 Qd8 22. Qe3 Nf3 23. e5 Be7 24. Ne4 Qd4 25. Qxd4 Nxd4 26. Nf2 Nf5 27. Nxg4 Kh7 28. Bf2 Rad8 29. Kf3 b6 1/2-1/2